000
00310 a2200157 4500
001
61626
020
_a
071672832x
040
_c
Anchieta - Pituba
100
_a
Jones, Loretta L.
240
1
0
_a
Chemistry
_l
Ing
245
1
0
_a
Chemistry
300
_a
886
362
0
_a
1997
650
4
_a
QuĂmica
942
_c
BK
999
_c
61626
_d
61626